[Event "FIDE World Cup 2025"]
[Site "Goa, India"]
[Date "2025.11.16"]
[Round "46.1"]
[White "Le, Quang Liem"]
[Black "Donchenko, Alexander"]
[Result "0-1"]
[TimeControl ": 90 minutes for the first 40 moves, followed by 30 minutes for the rest of the gamewith an increment of 30 seconds per move starting from move 1"]
[WhiteFideId "12401137"]
[BlackFideId "24603295"]
[WhiteElo "2729"]
[BlackElo "2641"]

1. c4 {[%clk 00:10:19]} c5 {[%clk 00:10:20]} {[%emt 00:00:02]} 2. g3 {[%clk
00:10:27]} {[%emt 00:00:01]} Nc6 {[%clk 00:10:28]} {[%emt 00:00:02]} 3. Bg2
{[%clk 00:10:35]} g6 {[%clk 00:10:37]} {[%emt 00:00:01]} 4. Nc3 {[%clk
00:10:39]} {[%emt 00:00:06]} Bg7 {[%clk 00:10:45]} {[%emt 00:00:02]} 5. d3
{[%clk 00:10:47]} {[%emt 00:00:02]} Nf6 {[%clk 00:10:50]} {[%emt 00:00:06]} 6.
Nh3 {[%clk 00:10:33]} {[%emt 00:00:24]} a6 {[%clk 00:10:33]} {[%emt 00:00:27]}
7. Nf4 {[%clk 00:10:33]} {[%emt 00:00:10]} Rb8 {[%clk 00:10:41]} {[%emt
00:00:02]} 8. Rb1 {[%clk 00:09:47]} {[%emt 00:00:56]} O-O {[%clk 00:10:21]}
{[%emt 00:00:31]} 9. O-O {[%clk 00:09:50]} {[%emt 00:00:07]} d6 {[%clk
00:09:38]} {[%emt 00:00:53]} 10. a3 {[%clk 00:09:54]} {[%emt 00:00:06]} Bd7
{[%clk 00:09:40]} {[%emt 00:00:07]} 11. b4 {[%clk 00:09:48]} {[%emt 00:00:17]}
cxb4 {[%clk 00:09:49]} {[%emt 00:00:02]} 12. axb4 {[%clk 00:09:56]} {[%emt
00:00:01]} b5 {[%clk 00:09:58]} {[%emt 00:00:02]} 13. cxb5 {[%clk 00:10:00]}
{[%emt 00:00:06]} axb5 {[%clk 00:10:07]} {[%emt 00:00:02]} 14. d4 {[%clk
00:09:45]} {[%emt 00:00:24]} Re8 {[%clk 00:09:16]} {[%emt 00:01:01]} 15. e3
{[%clk 00:08:51]} {[%emt 00:01:04]} Qc8 {[%clk 00:08:53]} {[%emt 00:00:33]} 16.
Qb3 {[%clk 00:08:06]} {[%emt 00:00:54]} e5 {[%clk 00:08:26]} {[%emt 00:00:38]}
17. dxe5 {[%clk 00:08:15]} {[%emt 00:00:01]} dxe5 {[%clk 00:08:35]} {[%emt
00:00:02]} 18. Nfd5 {[%clk 00:08:23]} {[%emt 00:00:01]} Bh3 {[%clk 00:08:32]}
{[%emt 00:00:13]} 19. Bb2 {[%clk 00:07:51]} {[%emt 00:00:42]} Bxg2 {[%clk
00:08:30]} {[%emt 00:00:12]} 20. Kxg2 {[%clk 00:07:58]} {[%emt 00:00:03]} Nxd5
{[%clk 00:07:34]} {[%emt 00:01:07]} 21. Nxd5 {[%clk 00:08:05]} {[%emt
00:00:02]} Qf5 {[%clk 00:07:28]} {[%emt 00:00:16]} 22. Rbc1 {[%clk 00:07:51]}
{[%emt 00:00:23]} Ne7 {[%clk 00:07:33]} {[%emt 00:00:05]} 23. Rfd1 {[%clk
00:07:41]} {[%emt 00:00:20]} h5 {[%clk 00:07:14]} {[%emt 00:00:30]} 24. h3
{[%clk 00:06:25]} {[%emt 00:01:26]} Rb7 {[%clk 00:04:54]} {[%emt 00:02:30]} 25.
Nxe7+ {[%clk 00:06:09]} {[%emt 00:00:25]} Rexe7 {[%clk 00:04:57]} {[%emt
00:00:07]} 26. Rc5 {[%clk 00:05:30]} {[%emt 00:00:49]} Red7 {[%clk 00:03:47]}
{[%emt 00:01:20]} 27. Rcd5 {[%clk 00:04:43]} {[%emt 00:00:57]} Rbc7 {[%clk
00:03:56]} {[%emt 00:00:02]} 28. Rxd7 {[%clk 00:03:08]} {[%emt 00:01:44]} Rxd7
{[%clk 00:04:05]} {[%emt 00:00:02]} 29. Rxd7 {[%clk 00:03:17]} {[%emt
00:00:01]} Qxd7 {[%clk 00:04:14]} {[%emt 00:00:01]} 30. Qc2 {[%clk 00:03:25]}
{[%emt 00:00:01]} Qe7 {[%clk 00:03:25]} {[%emt 00:00:59]} 31. Bc3 {[%clk
00:03:17]} {[%emt 00:00:18]} Qc7 {[%clk 00:03:07]} {[%emt 00:00:29]} 32. Qd2
{[%clk 00:03:15]} {[%emt 00:00:11]} Qc4 {[%clk 00:02:59]} {[%emt 00:00:19]} 33.
Kg1 {[%clk 00:02:04]} {[%emt 00:01:20]} Bf6 {[%clk 00:02:50]} {[%emt 00:00:20]}
34. Qb2 {[%clk 00:01:49]} {[%emt 00:00:25]} Qd5 {[%clk 00:02:19]} {[%emt
00:00:41]} 35. Qe2 {[%clk 00:01:48]} {[%emt 00:00:11]} Qb3 {[%clk 00:02:15]}
{[%emt 00:00:14]} 36. Be1 {[%clk 00:01:50]} {[%emt 00:00:08]} Qb1 {[%clk
00:02:07]} {[%emt 00:00:18]} 37. Kf1 {[%clk 00:01:49]} {[%emt 00:00:11]} e4
{[%clk 00:02:00]} {[%emt 00:00:17]} 38. Kg2 {[%clk 00:01:26]} {[%emt 00:00:33]}
Qc1 {[%clk 00:01:51]} {[%emt 00:00:19]} 39. f3 {[%clk 00:01:10]} {[%emt
00:00:27]} exf3+ {[%clk 00:01:43]} {[%emt 00:00:18]} 40. Kxf3 {[%clk 00:01:18]}
{[%emt 00:00:01]} Qc6+ {[%clk 00:01:16]} {[%emt 00:00:37]} 41. e4 {[%clk
00:01:24]} {[%emt 00:00:03]} Be5 {[%clk 00:01:21]} {[%emt 00:00:05]} 42. Qd3
{[%clk 00:01:21]} {[%emt 00:00:13]} Qf6+ {[%clk 00:00:58]} {[%emt 00:00:34]} 43.
Kg2 {[%clk 00:01:27]} {[%emt 00:00:04]} Qc6 {[%clk 00:01:06]} {[%emt 00:00:02]}
44. Bf2 {[%clk 00:01:29]} {[%emt 00:00:08]} f5 {[%clk 00:01:00]} {[%emt
00:00:17]} 45. Kf3 {[%clk 00:01:04]} {[%emt 00:00:35]} Kf7 {[%clk 00:01:07]}
{[%emt 00:00:02]} 46. Qd5+ {[%clk 00:01:00]} {[%emt 00:00:14]} Qxd5 {[%clk
00:01:16]} {[%emt 00:00:02]} 47. exd5 {[%clk 00:01:09]} Bd6 {[%clk 00:00:45]}
{[%emt 00:00:41]} 48. g4 {[%clk 00:00:56]} {[%emt 00:00:23]} hxg4+ {[%clk
00:00:29]} {[%emt 00:00:26]} 49. hxg4 {[%clk 00:01:05]} fxg4+ {[%clk 00:00:38]}
{[%emt 00:00:01]} 50. Kxg4 {[%clk 00:01:14]} {[%emt 00:00:01]} Bxb4 {[%clk
00:00:47]} {[%emt 00:00:01]} 51. Bd4 {[%clk 00:01:06]} {[%emt 00:00:18]} Bd2
{[%clk 00:00:50]} {[%emt 00:00:07]} 52. Kf3 {[%clk 00:01:06]} {[%emt 00:00:10]}
Ke7 {[%clk 00:00:39]} {[%emt 00:00:21]} 53. Bc5+ {[%clk 00:01:00]} {[%emt
00:00:15]} Kf6 {[%clk 00:00:48]} {[%emt 00:00:01]} 54. Ke4 {[%clk 00:01:07]}
{[%emt 00:00:03]} Bc3 {[%clk 00:00:49]} {[%emt 00:00:09]} 55. Bb6 {[%clk
00:01:04]} {[%emt 00:00:14]} b4 {[%clk 00:00:35]} {[%emt 00:00:24]} 56. Ba5
{[%clk 00:01:04]} {[%emt 00:00:09]} Ke7 {[%clk 00:00:37]} {[%emt 00:00:09]} 57.
Kd3 {[%clk 00:00:49]} {[%emt 00:00:25]} Kd6 {[%clk 00:00:37]} {[%emt 00:00:10]}
58. Kc4 {[%clk 00:00:56]} {[%emt 00:00:01]} g5 {[%clk 00:00:34]} {[%emt
00:00:14]} 59. Bd8 {[%clk 00:01:03]} {[%emt 00:00:03]} g4 {[%clk 00:00:41]}
{[%emt 00:00:03]} 60. Bh4 {[%clk 00:01:11]} {[%emt 00:00:02]} Ke5 {[%clk
00:00:41]} {[%emt 00:00:11]} 61. Bg3+ {[%clk 00:01:12]} {[%emt 00:00:08]} Kf5
{[%clk 00:00:48]} {[%emt 00:00:03]} 62. Bh4 {[%clk 00:00:52]} {[%emt 00:00:29]}
Bf6 {[%clk 00:00:48]} {[%emt 00:00:10]} 63. Be1 {[%clk 00:00:52]} {[%emt
00:00:09]} Be7 {[%clk 00:00:49]} {[%emt 00:00:11]} 64. Bg3 {[%clk 00:01:01]}
Bf8 {[%clk 00:00:55]} {[%emt 00:00:04]} 65. Bc7 {[%clk 00:00:53]} {[%emt
00:00:17]} Kf6 {[%clk 00:00:46]} {[%emt 00:00:19]} 66. Bg3 {[%clk 00:00:49]}
{[%emt 00:00:14]} Kf7 {[%clk 00:00:55]} {[%emt 00:00:02]} 67. Be5 {[%clk
00:00:45]} {[%emt 00:00:13]} Ke8 {[%clk 00:01:00]} {[%emt 00:00:06]} 68. Bg3
{[%clk 00:00:32]} {[%emt 00:00:22]} Kd7 {[%clk 00:01:09]} {[%emt 00:00:02]} 69.
Bh4 {[%clk 00:00:37]} {[%emt 00:00:04]} Be7 {[%clk 00:01:07]} {[%emt 00:00:11]}
70. Be1 {[%clk 00:00:45]} {[%emt 00:00:04]} Bd6 {[%clk 00:01:14]} {[%emt
00:00:03]} 71. Kd3 {[%clk 00:00:53]} {[%emt 00:00:02]} Kc7 {[%clk 00:00:32]}
{[%emt 00:00:53]} 72. Kc4 {[%clk 00:00:40]} {[%emt 00:00:22]} Kd8 {[%clk
00:00:18]} {[%emt 00:00:24]} 73. Bh4+ {[%clk 00:00:36]} {[%emt 00:00:14]} Ke8
{[%clk 00:00:23]} {[%emt 00:00:04]} 74. Kd3 {[%clk 00:00:41]} {[%emt 00:00:05]}
Kf7 {[%clk 00:00:30]} {[%emt 00:00:04]} 75. Be1 {[%clk 00:00:31]} {[%emt
00:00:19]} Kg6 {[%clk 00:00:14]} {[%emt 00:00:26]} 76. Ke4 {[%clk 00:00:37]}
{[%emt 00:00:04]} g3 {[%clk 00:00:17]} {[%emt 00:00:08]} 77. Kf3 {[%clk
00:00:34]} {[%emt 00:00:13]} b3 {[%clk 00:00:25]} {[%emt 00:00:02]} 78. Bc3
{[%clk 00:00:39]} {[%emt 00:00:04]} Kf5 {[%clk 00:00:31]} {[%emt 00:00:04]} 79.
Bb2 {[%clk 00:00:48]} {[%emt 00:00:01]} Be5 {[%clk 00:00:31]} {[%emt 00:00:09]}
80. Ba3 {[%clk 00:00:57]} {[%emt 00:00:02]} Kg6 {[%clk 00:00:34]} {[%emt
00:00:07]} 81. Bc1 {[%clk 00:00:59]} {[%emt 00:00:07]} Kf7 {[%clk 00:00:42]}
{[%emt 00:00:02]} 82. Ba3 {[%clk 00:01:03]} {[%emt 00:00:06]} Ke8 {[%clk
00:00:51]} {[%emt 00:00:01]} 83. Kg2 {[%clk 00:00:53]} {[%emt 00:00:20]} Kd7
{[%clk 00:00:59]} {[%emt 00:00:02]} 84. Kf3 {[%clk 00:01:02]} Kc7 {[%clk
00:01:04]} {[%emt 00:00:05]} 85. Kg2 {[%clk 00:01:03]} {[%emt 00:00:10]} Kb6
{[%clk 00:01:12]} {[%emt 00:00:02]} 86. Kf3 {[%clk 00:01:12]} Kb5 {[%clk
00:01:14]} {[%emt 00:00:08]} 87. Bc1 {[%clk 00:00:55]} {[%emt 00:00:26]} Kc4
{[%clk 00:01:13]} {[%emt 00:00:11]} 88. Ke4 {[%clk 00:01:03]} {[%emt 00:00:03]}
Bd6 {[%clk 00:01:14]} {[%emt 00:00:09]} 89. Kd4+ {[%clk 00:00:47]} {[%emt
00:00:10]} 0-1